[Event "4. Praha Open B"]
[Site "Praha CZE"]
[Date "2005.01.18"]
[Round "6.19"]
[White "Plesnik, Miroslav"]
[Black "Skalicky, Jindrich"]
[Result "1-0"]
[WhiteElo "2040"]
[BlackElo "1250"]
[PlyCount "31"]
[EventDate "2005.01.14"]
[EventType "swiss"]
[EventRounds "9"]
[EventCountry "CZE"]
[Source "lmi"]
[SourceDate "2005.01.20"]

1. d4 Nf6 2. c4 e6 3. Nc3 Bb4 4. Nf3 O-O 5. Bg5 Bxc3+ 6. bxc3 d6 7. e3 Nbd7 8.
Bd3 h6 9. Bh4 g5 10. Bg3 Nh5 11. e4 Nxg3 12. hxg3 b6 13. Rxh6 Bb7 14. e5 Bxf3
15. Qxf3 dxe5 16. Qh5 1-0